La Pobreza atrapada: entre la crisis y el olvido /
में बचाया:
| मुख्य लेखक: | |
|---|---|
| अन्य लेखक: | |
| स्वरूप: | मूलपाठ |
| विषय: | |
| टैग: |
टैग जोड़ें
कोई टैग नहीं, इस रिकॉर्ड को टैग करने वाले पहले व्यक्ति बनें!
|
MARC
| LEADER | 00000 a a2200000 04500 | ||
|---|---|---|---|
| 001 | 18747 | ||
| 003 | |||
| 040 | |||
| 100 | |a Destremau, Blandine | ||
| 245 | |a La Pobreza atrapada: |b entre la crisis y el olvido / |c Blandine Destremau | ||
| 650 | |a ALIVIO DE LA POBREZA | ||
| 650 | |a CRECIMIENTO ECONOMICO | ||
| 650 | |a DESIGUALDAD SOCIAL | ||
| 650 | |a DESEMPLEO | ||
| 650 | |a POBREZA | ||
| 650 | |a INGRESO | ||
| 700 | |a Salama, Pierre | ||
| 773 | |g volumen 4, 7/8; páginas 91-116 | ||
| 999 | |c 24666 |d 24666 | ||
